Podział administracyjny Cesarstwie Rzymskim - Statystyki

Ogólne statystyki
  • Ten quiz został rozwiązany 97 razy
  • Średni wynik to 6 z 16
Statystyki odpowiedzi
Odpowiedź % Poprawnych
Galia
78%
Italia
68%
Hiszpania
66%
Grecja
63%
Brytania
61%
Afryka Prokonsularna
49%
Rzym
39%
Macedonia
32%
Tracja
32%
Dacja
31%
Mauretania Cezarejska
21%
Mauretania Tingitana
21%
Pont
10%
Iliria
6%
Orient
6%
Asiana
1%
Nie znaleziono quizów pasujących do podanych kryteriów
Rozkład punktacji
Procent ludzi z każdym wynikiem
Percentyl według liczby udzielonych odpowiedzi
Twoja historia wyników
Nie rozwiązałeś tego quizu